00000000cam 2200000zi 4500
0019.953382
003CaOODSP
00520260528104824
006m     o  d f      
007cr mn|||||||||
008250718n202507##onc     o    f000 0 fre d
020 |a9780660782027
040 |aCaOODSP|bfre|erda|cCaOODSP
043 |an-cn---
0861 |aP114-37/2025F-PDF
24500|aExamen d'une plainte : |bacquisition de mobilier de bureau par le ministère de la Défense nationale / |cBureau de l'ombud de l'approvisionnement.
24610|aAcquisition de mobilier de bureau par le ministère de la Défense nationale
264 1|aOttawa (Ontario) : |bBureau de l'ombud de l'approvisionnement = Office of the Procurement Ombud, |cjuillet 2025.
300 |a1 ressource en ligne (15 pages)
336 |atexte|btxt|2rdacontent/fre
337 |ainformatique|bc|2rdamedia/fre
338 |aressource en ligne|bcr|2rdacarrier/fre
500 |aTitre de la couverture.
500 |a« Promouvoir l'équité, l'ouverture et la transparence du processus d'approvisionnement fédéral. »
500 |aPublié aussi en anglais sous le titre : Review of complaint : acquisition of office furniture by the Department of National Defence.
520 |a« Le 30 janvier 2025, le Bureau de l'ombud de l'approvisionnement (BOA) a reçu une plainte écrite d'un fournisseur (le plaignant) concernant un contrat attribué par le ministère de la Défense nationale (MDN). Le contrat concernait l'approvisionnement, la livraison et l'installation de mobilier de bureau et a été attribué en vertu de l'arrangement en matière d'approvisionnement (AMA) numéro E60PQ120001/PQ ou E60PQ-140003/PQ établi par Services publics et Approvisionnement Canada (SPAC) lié au mobilier pour les fauteuils de bureau ou les espaces de travail. Le contrat a été attribué le 21 janvier 2025 et a été évalué à 25 471, 68 $ (hors taxes) » -- La plainte, page 4.
61016|aCanada. |bMinistère de la défense nationale|xApprovisionnement|xÉvaluation.
650 6|aBureaux|xMeubles|zCanada.
650 6|aContrats administratifs|zCanada|xGestion|xÉvaluation.
7101 |aCanada. |bBureau de l'ombud de l'approvisionnement, |eorganisme de publication.
77508|tReview of complaint : |w(CaOODSP)9.953381
85640|qPDF|s396 Ko|uhttps://publications.gc.ca/collections/collection_2026/spac-pspc/P114-37-2025-fra.pdf
8564 |qHTML|sS.O.|uhttps://opo-boa.gc.ca/praapp-prorev/2025/ep-rc-08-2025-fra.html